ARRUPE JESUIT UNIVERSITY

CORONAVIRUS -STOP THE SPREAD - CLEAN,DISINFECT,COVER

The Septuagint / (Record no. 119801)

MARC details
000 -LEADER
fixed length control field 00907cam a2200265 a 4500
001 - CONTROL NUMBER
control field 4913326
003 - CONTROL NUMBER IDENTIFIER
control field ARRUPE
005 - DATE AND TIME OF LATEST TRANSACTION
control field 20140130163302.0
008 - FIXED-LENGTH DATA ELEMENTS--GENERAL INFORMATION
fixed length control field 040719s2004 enk b 001 0 eng d
020 ## - INTERNATIONAL STANDARD BOOK NUMBER
International Standard Book Number 0567084647
035 ## - SYSTEM CONTROL NUMBER
System control number (OCoLC)ocm56090688
035 ## - SYSTEM CONTROL NUMBER
System control number (NNC)4913326
040 ## - CATALOGING SOURCE
Original cataloging agency PIT
Transcribing agency PIT
Modifying agency OCLCQ
090 ## - LOCALLY ASSIGNED LC-TYPE CALL NUMBER (OCLC); LOCAL CALL NUMBER (OCLC)
Classification number (OCLC) (R) ; Classification number, CALL (RLIN) (NR) BS744
Local cutter number (OCLC) ; Book number/undivided call number, CALL (RLIN) .D56 2004
300 ## - PHYSICAL DESCRIPTION
Dimensions 22 cm.
100 1# - MAIN ENTRY--PERSONAL NAME
Personal name Dines, Jennifer M.
Fuller form of name (Jennifer Mary)
9 (RLIN) 7431
245 14 - TITLE STATEMENT
Title The Septuagint /
Statement of responsibility, etc Jennifer M. Dines ; edited by Michael A. Knibb.
260 ## - PUBLICATION, DISTRIBUTION, ETC. (IMPRINT)
Place of publication, distribution, etc London ;
-- New York :
Name of publisher, distributor, etc T & T Clark,
Date of publication, distribution, etc c2004.
300 ## - PHYSICAL DESCRIPTION
Extent xvii, 196 p. ;
504 ## - BIBLIOGRAPHY, ETC. NOTE
Bibliography, etc Includes bibliographical references (p. 159-175) and index.
630 00 - SUBJECT ADDED ENTRY--UNIFORM TITLE
Uniform title Bible.
Name of part/section of a work Old Testament.
Language of a work Greek
General subdivision Versions
-- Septuagint.
9 (RLIN) 7432
630 00 - SUBJECT ADDED ENTRY--UNIFORM TITLE
Uniform title Bible.
Name of part/section of a work Old Testament
General subdivision Criticism, Textual.
9 (RLIN) 7433
700 1# - ADDED ENTRY--PERSONAL NAME
Personal name Knibb, Michael A.
Fuller form of name (Michael Anthony),
Dates associated with a name 1938-
9 (RLIN) 7434
942 ## - ADDED ENTRY ELEMENTS (KOHA)
Source of classification or shelving scheme Library of Congress Classification
Koha item type Monograph ( Printed materials)
Holdings
Withdrawn status Lost status Source of classification or shelving scheme Damaged status Not for loan Collection code Home library Current library Shelving location Date acquired Total Checkouts Full call number Barcode Date last seen Price effective from Koha item type
    Library of Congress Classification     Main Collection ARRUPE LIBRARY ARRUPE LIBRARY Main Collection 30/01/2014   BS744.D583 2004 46412083 07/12/2016 30/01/2014 Monograph ( Printed materials)

 

Arrupe Library. PO Box MP320 Mt Pleasant, Harare, Zimbabwe
263 242 745411|librarian@aju.ac.zw